000 01521nam a2200277Ia 4500
003 CO-CtgCURN
005 20250827181021.0
008 190726s2003 xx 000 0 und d
020 _a958706044X (volumen)
020 _a9587060210 (colección)
040 _aCO-CtgCURN
_bspa
_ccoctgcurn
082 _aCo863.44
_bV297f
100 _aVargas Vila, José María
_eautor
245 0 _aFlor del fango /
_cJosé María Vargas Vila
260 _aBogotá, Colombia :
_bCasa Editorial El Tiempo,
_c2003
300 _a190 páginas ;
_c22 centímetros
490 _aColombia ;
_v24
500 _aIncluye índice
505 _aPte. I. -- Pte. II. -- Pte. III.
520 _aAunque el respetado crítico dominicano Max Henríquez Ureña considera Flor de fango como " la novela de las maestras" hay que extender este concepto y llamarla "la novela de la tragedia de las maestras" en Colombia, no solo de la época en que se desarrolla, hacia finales del siglo XIX, sino todas las épocas. Con realismo implacable Vargas Vila describe en Flor de fango las vicisitudes, calamidades y vergüenzas que tiene que enfrentar una maestra normalista, no solo para ejercer su ministerio, sino para evitar, no siempre con éxito, que se ejerza contra ella el abuso del poder y de la soberbia.
521 _aAREA BASICA
590 _aTodos los programas académicos
650 _aNovela colombiana
942 _cBK
_hCo863.44
_iV297f
_2ddc
_n0
999 _c30585
_d30585